Banderas de Países #4 - Estadísticas

Estadísticas generales
  • Esta prueba ha sido intentada 54 veces
  • La puntuación promedio es 14 de 16
Estadísticas de respuestas
Imagen Respuesta % Correcto
Argentina
100%
Austria
100%
Canadá
100%
China
100%
Grecia
100%
México
100%
Jamaica
98%
Nigeria
96%
Perú
94%
Catar
92%
Camboya
85%
Azerbaiyán
71%
Kirguistán
63%
Guyana
60%
Togo
60%
Benín
46%
No se encontraron pruebas coincidentes
Distribución de puntuación
Porcentaje de gente con cada puntuación
Porcentaje por número respondido
Historial de tus puntuaciones
No has intentado esta prueba.